| 000 | | | 04011cbm0a2200289#x 450 |
| 001 | | | 1b565d71-28b0-4e61-bc33-8ac40cdc978d |
| 005 | | | 20210830155801.0 |
| 100 | ## | $a | 20210830j19400221k###0rusy50 ca |
| 101 | 0# | $a | rus |
| 102 | ## | $a | RU |
| 105 | ## | $a | y###z######## |
| 122 | 0# | $a | d19400221## |
| 200 | 1# | $a | Из дневника заместителя наркома иностранных дел СССР В. П. Потемкина - запись беседы с послом США в СССР Л. Штейнгардтом о войне в Европе и отношении США к ее участникам |
| | $j | [21 февраля 1940 г.] |
| 251 | ## | $c | Документ |
| 300 | ## | $a | Заверенная копия |
| 461 | #0 | $1 | 2001 |
| | $a | Ф. 129 |
| | $1 | 251 |
| | $c | Фонд |
| | $1 | 852 |
| | $j | 129 |
| 462 | #0 | $1 | 2001 |
| | $a | Оп. 24. П. 138а |
| | $1 | 251 |
| | $c | Опись |
| | $1 | 852 |
| | $j | 24. П. 138а |
| 462 | #0 | $1 | 2001 |
| | $a | Д. 2 |
| | $v | Л. 4-7 |
| | $1 | 251 |
| | $c | Дело |
| | $1 | 852 |
| | $j | 2 |
| 605 | ## | $2 | prlib_sh |
| | $3 | LIBNET\UAF\0000088514 |
| | $a | Вторая мировая война в архивных документах (Комплекс оцифрованных архивных документов, кино- и фотоматериалов) |
| | $l | коллекция |
| 617 | ## | $2 | prlib_sh |
| | $a | СССР |
| | $f | 1940 |
| 617 | ## | $2 | prlib_sh |
| | $a | Соединенные Штаты Америки |
| | $f | 1940 |
| 801 | #0 | $a | RU |
| | $b | ПБ им. Б.Н. Ельцина |
| | $c | 20210830 |
| 801 | #1 | $a | RU |
| | $b | ПБ им. Б.Н. Ельцина |
| | $c | 20210830 |
| | $2 | rusmarc |
| 801 | #2 | $a | RU |
| | $b | ПБ им. Б.Н. Ельцина |
| | $c | 20210830 |
| | $2 | rusmarc |
| 850 | ## | $a | Архив внешней политики Российской Федерации |
| 852 | ## | $a | АВП РФ |
| | $j | Л. 4-7 |
| 856 | 4# | $n | ПБ им. Б.Н. Ельцина |
| | $u | http://readingroom.main.prlib.ru/item.aspx?id_node=n167818848&mode=full |
| 035 | ## | $a | LIBNET\0001179829 |
| 937 | ## | $d | 167818848 |
| | $h | Федеральное архивное агентство |